| 000 | 00581nam a2200193Ia 4500 | ||
|---|---|---|---|
| 003 | GCL | ||
| 008 | 140319s9999 xx 000 0 ara d | ||
| 040 |
_aGCL / _cGCL |
||
| 082 | 0 | 4 |
_a953.8 _bض خ |
| 100 | 1 | _aضاوى العجمى | |
| 245 | 1 | 0 |
_aخنادق النفط وتدمير البيئة الكويتية احدى جرائم العدوان العراقى / _cضاوى العجمى |
| 700 | 1 | _aرافت ميساك | |
| 300 | _a143 ص | ||
| 490 | _a | ||
| 650 | 0 | 4 | _aالنفط |
| 650 | 0 | 4 | _aحرب الخليج |
| 650 | 0 | 4 | _aالكويت - تاريخ |
| 942 |
_2ddc _cBK |
||
| 999 |
_c52233 _d52233 |
||